| 000 | 01289nam a2200301 c 4500 | ||
|---|---|---|---|
| 999 |
_c342558 _d342558 |
||
| 003 | BLK | ||
| 005 | 20200421134932.0 | ||
| 008 | 180911b bul|||||r ||||||| ||bul|| | ||
| 010 | _a002207 | ||
| 040 | _aBLK | ||
| 041 |
_aBUL _cBUL |
||
| 080 | _z886.7.09886.7(092)859.0.09 | ||
| 100 | 1 |
_aРУСЕВ, Пеньо и др. _eпърви автор _9396659 |
|
| 245 | 0 | 0 | _aГригорий Цамблак в Румъния и в старата румънска литература |
| 260 |
_aСофия _bБАН _c1966 _fСофия : печ. на БАН |
||
| 300 |
_a198 с _c20 см |
||
| 380 | _a82 | ||
| 490 | _aБАН | ||
| 490 | _aИнст. за балканистика | ||
| 490 |
_aЧастна колекция - Академик Михаил Арнаудов _gДарение - Основен фонд |
||
| 500 | _aАвтограф с текст: На големия наш учител акад. Михаил Арнаудов с уважение и почит от един от учениците София, 27. I. 1967 г. Пеньо Русев | ||
| 650 |
_aКритика _9159735 |
||
| 655 |
_aбългарско литературознание _9396216 |
||
| 700 | 1 |
_aПеньо Русев и Ангел Давидов _9396660 |
|
| 852 |
_aМА 147 _bМА |
||
| 942 |
_cKNG _n0 _s1 |
||
| 944 |
_aCR _c1994 |
||
| 999 | _d342558 | ||
| 999 | _d342558 | ||
| 999 | _d342558 | ||
| 999 | _d342558 | ||